000 00539nam a2200181Ia 4500
003 IN-BaIIA
008 211028s9999 xx 000 0 eng d
020 _a0-19-511919-3
040 _cIIA Library
080 _a523.64
_bVER
100 _aVerschuur, G. L.
_915861
245 0 _aImpact
_bthe threat of comets and asteriods
_cG. L. Verschuur
260 _aNewyork
_bOxford University Press
_c1996
300 _axii, 237p.
650 _aAsteriods
_921873
650 _aComets
_9755
942 _cBK
999 _c12495
_d12495